000 005870000a22001930004500
003 LK-CoMWRAF
005 20240624165716.0
008 230817t ||||| |||| 00| 0 eng d
040 _aLK-CoMWRAF
_dLK-CoMWRAF
_eLK-CoMWRAF
041 _aeng
082 _a303.385
_bYOU
100 _aYoung, Margaret B.
245 _aHow to bring up your child without prejudice
260 _bNew York:
_aPublic Affairs committee,
_c1965
300 _a20 p. : col. illus. ; 18 cm.
_bBibliography included
490 _aPublic affairs pamphlet
_vNo.373
650 _aPREJUDICES IN CHILDREN
942 _cBK
999 _c1787
_d1787